00511nam a2200145 a 450000100100000000500170001000800410002704000250006808200150009324500710010826000360017930000200021595201130023599900170034800001572220200929164129.0100217s2004 dr r 000 0 spa d aDO-SdBNPbspacBNPHU axxxxbO32900aOficina Nacional de Presupuesto :bInforme de Gestión 2000-2004. aSanto Domingo :bBúho,c2004. a86 p. ;c31 cm. 0010718PDaPDbPDcHDd2010-02-17iLF1l0oxxxx O329p15722-10r2020-06-25w2020-06-25yLFPDZNo se presta c15272d15272